Najpopularniejsi raperzy w tym tygodniu . 16-22.07 - Statystyki

Ogólne statystyki
  • Ten quiz został rozwiązany 59 razy
  • Średni wynik to 8 z 15
Statystyki odpowiedzi
Miejsce w poprzednim tygodniu Wyświetlenia Raper % Poprawnych
#3 9.84M Mata
87%
#13 2.90M Bedoes
80%
#4 7.99M White 2115
80%
#1 9.87M Kizo
78%
#8 2.97M Quebonafide
67%
#2 8.12M Sobel
64%
#14 3.13M Żabson
56%
#12 2.66M Reto
56%
#9 2.99M Oki
55%
#6 3.69M Young Igi
55%
#5 4.50M Tymek
51%
#10 2.94M Otsochodzi
47%
#11 3.09M Paluch
35%
#20 2.82M Kubańczyk
13%
#7 2.95M Hinol Polska Wersja
2%
Nie znaleziono quizów pasujących do podanych kryteriów
Rozkład punktacji
Procent ludzi z każdym wynikiem
Percentyl według liczby udzielonych odpowiedzi
Twoja historia wyników
Nie rozwiązałeś tego quizu